The ugly American / (Record no. 186371)

000 -LEADER
fixed length control field 01318 a2200205 4500
003 - CONTROL NUMBER IDENTIFIER
control field Nust
005 - DATE AND TIME OF LATEST TRANSACTION
control field 20230201114141.0
010 ## - LIBRARY OF CONGRESS CONTROL NUMBER
LC control number 58007388
040 ## - CATALOGING SOURCE
Transcribing agency Nust
082 ## - DEWEY DECIMAL CLASSIFICATION NUMBER
Classification number 808.83,LED
100 ## - MAIN ENTRY--PERSONAL NAME
Personal name Lederer, William J.,
9 (RLIN) 108343
245 ## - TITLE STATEMENT
Title The ugly American /
Statement of responsibility, etc. William J. Lederer and Eugene Burdick
250 ## - EDITION STATEMENT
Edition statement 1st ed
260 ## - PUBLICATION, DISTRIBUTION, ETC.
Place of publication, distribution, etc. New York
Name of publisher, distributor, etc. Norton
Date of publication, distribution, etc. 1958
300 ## - PHYSICAL DESCRIPTION
Extent 285 p
Other physical details 22 cm
505 ## - FORMATTED CONTENTS NOTE
Formatted contents note A Note From the Authors (Page-7), Lucky (Page-11), Lucky Lou no. 2 (Page-33), Nine Friends (Page-43), Everybody Loves Joe Bing (Page-66), Confidential and Personal (Page-74), Employment Opportunities Abroad (Page-77), The Girl Who Got Recruited (Page-83),The Ambassador And The Working Press (Page-87), Everyone his Ears (Page-93), The Ragtime Kid (Page-110), The Iron of War (Page-115), The Iron of War (Page-132), The Lessons of War (Page-132), How to Would You Do If you ere President ?(Page-144), How to Buy an American Junior Grade (Page-155), The Six – Foot Swami From Savannah (Page-174), Captain Boning, USN (Page-191),The Ugly American (Page-205), The Bent Back of Chang Dong (Page-232), Senator Sir (Page-239), The Sum of Tiny Things (Page-264), A Factual Epilogue (Page-271).
600 ## - SUBJECT ADDED ENTRY--PERSONAL NAME
Personal name Lederer, William J.,
9 (RLIN) 108343
650 ## - SUBJECT ADDED ENTRY--TOPICAL TERM
Topical term or geographic name entry element The ugly American
9 (RLIN) 108344
942 ## - ADDED ENTRY ELEMENTS (KOHA)
Source of classification or shelving scheme
Koha item type Book
Call number prefix 808.83,LED
Holdings
Withdrawn status Lost status Source of classification or shelving scheme Damaged status Not for loan Permanent Location Current Location Shelving location Date acquired Full call number Barcode Date last seen Price effective from Koha item type Public note
          Military College of Signals (MCS) Military College of Signals (MCS) General Stacks 12/12/2016 808.83,LED MCS29926 12/08/2016 12/12/2016 Book Almirah No. 57, Shelf No. 1
© 2023 Central Library, National University of Sciences and Technology. All Rights Reserved.